La otra ciudad: de la marginalidad a la participación social
Saved in:
| Hovedforfatter: | |
|---|---|
| Format: | Bog |
| Sprog: | spansk |
| Udgivet: |
Santiago
Jurídica Ediar-ConoSur
1988
|
| Fag: | |
| Tags: |
Tilføj Tag
Ingen Tags, Vær først til at tagge denne postø!
|
MARC
| LEADER | 00000nam a2200000 a 4500 | ||
|---|---|---|---|
| 001 | UCV1270 | ||
| 003 | CL-VaPUC | ||
| 008 | 900326e19880000CL |||||||||||||||||spa|d | ||
| 082 | 0 | 4 | |a 301.158 |b WIL |2 21 |
| 100 | 0 | |a Wilson Petit, Sergio |e author |9 295507 | |
| 245 | 1 | 3 | |a La otra ciudad: de la marginalidad a la participación social |
| 300 | |a 534 p | ||
| 942 | |c BK | ||
| 945 | |d 19900326 00:00:00 | ||
| 260 | |a Santiago |b Jurídica Ediar-ConoSur |c 1988 | ||
| 650 | 7 | |a BARRIOS BAJOS |2 CL-VaPUC |9 256138 | |
| 650 | 0 | |a Marginalidad social |9 256139 | |
| 650 | 0 | |a Participación social |9 256140 | |
| 651 | 7 | |a CHILE |2 CL-VaPUC |9 295508 | |
| 583 | |a last modification |c 19900326 00:00:00 |k Rodrigo Vera | ||
| 999 | |c 209264 |d 209262 | ||
| 952 | |0 0 |1 0 |4 0 |6 301_158000000000000_WIL_1988 |7 0 |8 A |9 184581 |a BIBDER |b BIBDER |d 2019-11-14 |i 2518848 |o 301.158 WIL 1988 |p 2518848 |r 2023-01-25 |w 2019-11-14 |y BK |k DER | ||